000 00997nam a22002537a 4500
999 _c6363
_d6363
003 AR-CdUCM
008 190315b ||||| |||| 00| 0 spa d
020 _a84-7069-179-1
040 _aMUNICIPALIDAD PROVINCIAL DEL CUSCO
_cBIBLIOTECA MUNICIPAL DEL CUSCO
082 _a920 /
_bSA12
110 _aEdiciones Océano
_918149
245 _a¿Sabes quien? /
260 _aBarcelona :
_bEdiciones Océano-éxito,
300 _a4 volúmenes ;
_bilustraciones,
_c26 cm.
440 _aBiblioteca básica juvenil.
_918150
505 _aContenido: v.1: Historia de los pueblos -- Literatura -- Cinematografía -- v.2: Música -- Danza -- Pintura -- Arquitectura y Ingeniería -- v.3: Sabiduría -- Medicina -- Ciencia e invención -- v.4: Guerra -- Aventura -- Locomoción -- Deporte.
650 _aDiccionarios
_95105
650 _aBiografías
_9148
650 _aArtistas
_9394
650 _aCientíficos
_93270
700 _aGispert, Carlos(editor)
_918151
942 _2ddc
_cLIBROS
945 _aachl